| 000 | 00468nam a2200145Ia 4500 | ||
|---|---|---|---|
| 008 | 230917s9999||||xx |||||||||||||| ||und|| | ||
| 040 |
_e49872 _aMAIN |
||
| 041 | _aEnglish | ||
| 082 | _a181.4 T136S | ||
| 100 | _aTaimni, I K | ||
| 245 | 0 | _aSelf-realization through love: Narada bhakti-sutra, with text in Sanskrit, translation in Roman, translation in English and commentary | |
| 260 |
_aMadras _bTheosophical Publishing _c1975 |
||
| 300 | _axv, 79 p. | ||
| 942 | _cBK | ||
| 999 |
_c215454 _d215454 |
||